Science Quiz

Random Science or Anatomy Quiz

Anatomy of the Clavicle Quiz Stats

 Plays Quiz not verified by Sporcle

Support Sporcle.
Go Orange.
Score 0/6 Timer 05:00
0 Plays Today
% Correct
Sternal end
91.7%
Acromial end
88.4%
Conoid tubercle
72.9%
Trapezoid line
51.5%
Subclavian groove
48.7%
Costaclavicular Tubercle
20.3%

You're not logged in!

Compare scores with friends on all Sporcle quizzes.
OR
Log In
Forgot?

From the Vault

Typing Challenge III

by HenryFieldstone

If you smell something burning, it's probably your fingertips.
Remove Ads.
Support Sporcle.
Get the best of Sporcle when you Go Orange. This ad-free experience offers more features, more stats, and more fun while also helping to support Sporcle. Thank you for becoming a member.

Show Comments

Extras

Created Feb 1, 2016ReportNominate
Tags:Anatomy Quiz

Top Quizzes Today


Score Distribution

Your Account Isn't Verified!

In order to create a playlist on Sporcle, you need to verify the email address you used during registration. Go to your Sporcle Settings to finish the process.

Report this User

Report this user for behavior that violates our Community Guidelines.

Details: